| 000 | 00767nam a22002417a 4500 | ||
|---|---|---|---|
| 005 | 20170124105919.0 | ||
| 010 | _aA-585018 | ||
| 020 |
_a8170362881 _c00.00 |
||
| 035 | _aA-585018 | ||
| 037 | _bCen Lib/Ret | ||
| 040 |
_aDPL _bEN |
||
| 082 |
_a306.85 _bFIN |
||
| 245 |
_aFinding the household : _cedited by K. Saradamoni _bconceptual and methodological issues / |
||
| 260 |
_aNew Delhi _bSage Publications _c1992 |
||
| 270 |
_aM-32 Greater Kailash-I _bNew Delhi _e110048 |
||
| 300 |
_a251p. _c22cm(Hb) |
||
| 490 |
_aWomen and household in Asia-vol _v5 |
||
| 500 | _aIncludes index | ||
| 650 |
_aSociological Perspectives _972147 |
||
| 650 |
_aWomen and Household _972148 |
||
| 700 |
_aSaradamoni, K. _93873 |
||
| 942 |
_2ddc _cEN _h306.85 _mFIN |
||
| 999 |
_c123049 _d123049 |
||